Statistics for Countries With Only One M

Click here to take the quiz!

General Stats

  • This quiz has been taken 110 times
  • The average score is 43 of 51

Answer Stats

ContinentCountry% Correct
EuropeMontenegro
94%
South AmericaColombia
91%
EuropeMacedonia
91%
AsiaMalaysia
91%
North AmericaMexico
91%
North AmericaDominica
90%
AfricaMali
90%
EuropeMonaco
90%
EuropeUnited Kingdom
90%
EuropeDenmark
89%
North AmericaDominican Republic
89%
EuropeGermany
89%
EuropeMoldova
89%
AsiaMongolia
89%
AsiaOman
89%
EuropeSan Marino
89%
EuropeBelgium
88%
North AmericaGuatemala
88%
EuropeMalta
88%
AfricaMauritania
88%
AfricaMauritius
88%
AsiaYemen
88%
AsiaMaldives
87%
AfricaMorocco
87%
North AmericaPanama
87%
EuropeRomania
87%
OceaniaMarshall Islands
86%
OceaniaSamoa
86%
South AmericaSuriname
86%
AfricaMalawi
85%
AsiaCambodia
84%
AfricaMadagascar
84%
AfricaSomalia
84%
AfricaZimbabwe
84%
OceaniaMicronesia
83%
AfricaNamibia
83%
North AmericaBahamas
82%
AfricaCameroon
82%
EuropeLuxembourg
82%
OceaniaSolomon Islands
82%
AfricaZambia
82%
North AmericaJamaica
81%
AsiaVietnam
81%
EuropeArmenia
80%
AfricaGambia
80%
AfricaDemocratic Republic of the Congo
77%
AsiaTurkmenistan
76%
AsiaUnited Arab Emirates
74%
AfricaComoros
73%
AfricaSao Tome and Principe
66%
OceaniaEast Timor
60%

Score Distribution

Percentile by Number Answered

Percent of People with Each Score

Your Score History

You have not taken this quiz